Random Knowledge Quiz #59 - Statistics

General Stats
  • This quiz has been taken 178 times
  • The average score is 8 of 15
Answer Stats
Question Answer % Correct
How many days are in February on leap year? 29
92%
What is the first name of Styles, Potter, Shum Jr, and Truman? Harry
91%
Farfalle, cellentani, manfredi, campanelle, and sedanini rigati are all types of what? Pasta
85%
What fictional monster debuted in Japanese movies in 1954 and has since become a pop culture icon, earning the title King of the Monsters? Godzilla
80%
What are most lakes called in Scotland? Lochs
75%
What is 0.001 gram called? Milligram
63%
In March 2024, what country became the 32nd member of Nato? Sweden
51%
Finish these lyrics: And so I wake in the morning and I step outside / And I take a deep breath and I get real high / And I scream from the top of my lungs... What's going on
51%
What is the largest contiguous empire (all its land shared a border) in history? The Mongol Empire
46%
Name one of the four airlines that allow falcons to travel in cabin? Qatar Airways, Etihad, Emirates and Royal Jordanian Airlines
42%
In the standard USA version of Monopoly, what is the most expensive property? Boardwalk
33%
What does the cartoon bear called Bamse eat in order to get strong? Honey
28%
What day is celebrated annually around the world on March 8th? International Women's Day
28%
What is the largest lake in Europe? Lake Ladoga
8%
What kind of horse has a special gait called 'tolt' or 'tölt'? Icelandic horse
7%
No matching quizzes found
Score Distribution
Percent of People with Each Score
Percentile by Number Answered
Your Score History
You have not taken this quiz